Every Current Chelsea Players - Statistics

General Stats
  • This quiz has been taken 51 times
  • The average score is 22 of 28
Answer Stats
Hint Answer % Correct
#2 Germany/Defender Antonio Rudiger
98%
#16 Senegal/Goalkeeper Edouard Mendy
98%
#1 Spain/Goalkeeper Kepa Arrizabalaga
98%
#10 United States/Midfielder Christian Pulisic
96%
#19 England/Midfielder Mason Mount
96%
#5 Italy/Midfielder Jorginho
94%
#29 Germany/Midfielder Kai Havertz
94%
#17 Croatia/Midfielder Mateo Kovacic
94%
#7 France/Midfielder N'Golo Kante
94%
#11 Germany/Forward Timo Werner
94%
#4 Denmark/Defender Andreas Christensen
90%
#28 Spain/Defender Cesar Azpilicueta
90%
#22 Morocco/Midfielder Hakim Ziyech
90%
#6 Brazil/Defender Thiago Silva
88%
#24 England/Defender Reece James
82%
#18 France/Forward Olivier Giroud
80%
#9 England/Forward Tammy Abraham
80%
#21 England/Defender Ben Chilwell
78%
#15 France/Defender Kurt Zouma
78%
#3 Spain/Defender Marcos Alonso
78%
Manager Thomas Tuchel
71%
#13 Argentina/Goalkeeper Willy Caballero
71%
#23 Scotland/Midfielder Billy Gilmour
67%
#33 Italy/Defender Emerson
65%
#20 England/Forward Callum Hudson- Odoi
63%
#55 England/Midfielder Faustino Anjorin
16%
#40 Croatia/Goalkeeper Karlo Ziger
8%
#64 England/Midfielder Lewis Bate
2%
No matching quizzes found
Score Distribution
Percent of People with Each Score
Percentile by Number Answered
Your Score History
You have not taken this quiz